Normal view
MARC view
- اوروبا-تاريخ-العصور الوسطى
Entry Topical Term
001 - CONTROL NUMBER
- control field: 60845
003 - CONTROL NUMBER IDENTIFIER
- control field: JO-AjAnu
005 - DATE AND TIME OF LATEST TRANSACTION
- control field: 20230606083938.0
008 - FIXED-LENGTH DATA ELEMENTS
- fixed length control field: 230606|| aca||aabn | a|a d
040 ## - CATALOGING SOURCE
- Original cataloging agency: JO-AjAnu
- Transcribing agency: JO-AjAnu
150 ## - HEADING--TOPICAL TERM
- Topical term or geographic name entry element: اوروبا-تاريخ-العصور الوسطى
670 ## - SOURCE DATA FOUND
- Source citation: Work cat.: (JO-AjAnu)31034: تأليف:تميم، نزار خالد, author 60844, تاريخ اوروبا في العصور الوسطى